Central Library OPAC University of Rajshahi

Fourier integrals for practical applications / (Record no. 7401)

MARC details
000 -LEADER
fixed length control field 00808cam a2200241 4500
001 - CONTROL NUMBER
control field 7401
003 - CONTROL NUMBER IDENTIFIER
rucl marc code BD-RjUL
005 - DATE AND TIME OF LATEST TRANSACTION
control field 20211208234416.0
008 - FIXED-LENGTH DATA ELEMENTS--GENERAL INFORMATION
fixed length control field 140115r19571948nyua 000 0 eng d
035 ## - SYSTEM CONTROL NUMBER
System control number (BD-RjUL)7444
-- (OCoLC)1097197
040 ## - CATALOGING SOURCE
Original cataloging agency DLC
Transcribing agency OYU
Modifying agency OCoLC
-- DLC
-- BD-RjUL
Language of cataloging eng
041 ## - LANGUAGE CODE
Language code of text/sound track or separate title eng
082 00 - DEWEY DECIMAL CLASSIFICATION NUMBER
Classification number 517.35
Author mark and year CAF 1957
100 1# - MAIN ENTRY--PERSONAL NAME
Personal name Campbell, George A.
Fuller form of name (George Ashley),
Dates associated with a name 1870-1954.
9 (RLIN) 23134
245 10 - TITLE STATEMENT
Title Fourier integrals for practical applications /
Statement of responsibility, etc. by George A. Campbell and Ronald M. Foster.
260 ## - PUBLICATION, DISTRIBUTION, ETC. (IMPRINT)
Place of publication, distribution, etc. New York, NY ;
-- London :
Name of publisher, distributor, etc. D. Van Nostrand Co.
Date of publication, distribution, etc. 1948 [reprinted 1957].
300 ## - PHYSICAL DESCRIPTION
Pagination iii, 177 p. :
Illustrations ill.;
Size 24 cm.
650 #0 - SUBJECT ADDED ENTRY--TOPICAL TERM
Topical term or geographic name as entry element Fourier series.
9 (RLIN) 23135
700 1# - ADDED ENTRY--PERSONAL NAME
Personal name Foster, Ronald Martin,
Dates associated with a name 1896-
942 ## - ADDED ENTRY ELEMENTS (KOHA)
Source of classification or shelving scheme Dewey Decimal Classification
Koha item type Books
Holdings
Lost status Source of classification or shelving scheme Damaged status Not for loan Collection code Permanent Location Current Location Shelving location Date acquired Source of acquisition Cost, normal purchase price Total Checkouts Full call number Date last seen Copy number Koha item type
  Dewey Decimal Classification   Not For Loan Non-fiction Central Library, University of Rajshahi Central Library, University of Rajshahi   30/01/1962 B.H.Black Well 17.60   517.35 CAF 1957 15/01/2014 C-1 Books